000 00936cad a22002295a 4500
001 L152789
008 110427s2010 xxk f 000 0 eng d
035 _a(Sirsi) u152789
041 0 _aeng
050 0 4 _a346.41043 $2 18
110 2 _aLand Registry
_95885
245 0 0 _aGeneral Land Registry information
_h[electronic resource]
260 _aLondon
_bLand Registry
_c2010
490 0 _aLand Registry Public Guides
_v3
520 _aOutlines information Land Registry holds on registration of title and steps owners can taken to ensure information is kept up to date.
590 _aKA
650 4 _aLAND REGISTRATION ACT 2002
651 4 _aEngland and Wales
_y1543-
690 _aPROPERTY-PROPERTY ACQUISITION AND DISPOSAL-REGISTRATION OF TITLE TO PROPERTY-LAND REGISTRATION
856 4 0 _uhttps://www.landreg.gov.uk/upload/documents/public_guide_003.pdf
_zView this item free of charge at www.landregistry.gov.uk
942 _n0
999 _c112213
_d112213